| 000 | 00936cam a2200253 4500 | ||
|---|---|---|---|
| 001 | ##L133900 | ||
| 008 | 060616n2006 000 0 eng u | ||
| 020 | _a0860176495 | ||
| 035 | _a(Sirsi) u133900 | ||
| 041 | 0 | _aeng | |
| 050 | 0 | 4 | _a614.77 $2 18 |
| 100 | 1 | _aMurnane, Emma | |
| 245 | 0 | 0 |
_aControl of water pollution from linear construction projects _bsite guide |
| 260 |
_aLondon _bCIRIA _c2006 |
||
| 300 |
_a75p. _bill. _c21cm |
||
| 490 | 0 |
_aCIRIA _vC649 |
|
| 520 | _aA guide to good practice for protecting the water environment during construction and maintenance work, especially linear projects such as highways, cables and railways. Intended for on-site use by construction personnel. Accompanied by the CIRIA technical guidance publication C648. | ||
| 590 | _aIKA230806 | ||
| 651 | 4 |
_aUnited Kingdom _y |
|
| 690 |
_aConstruction management _96230 |
||
| 700 | 1 | _aHeap, Andy | |
| 700 | 1 | _aSwain, Andrew | |
| 942 | _n0 | ||
| 999 |
_c105500 _d105500 |
||